000 00398nam a2200157Ia 4500
003 GCL
008 140319s9999 xx 000 0 ara d
040 _aGCL /
_cGCL
082 0 4 _a335
_bع ا
100 1 _aعلى ادهم
245 1 0 _aالاشتراكية والشيوعية /
_cعلى ادهم
490 _a
650 0 4 _aالشيوعية
650 0 4 _aالاشتراكية
942 _2ddc
_cBK
999 _c39590
_d39590